000 00686nam a2200217 a 4500
999 _c3515
_d3515
001 3515
003 BD-JhCC
005 20171114183853.0
008 171114s1996 bg |||| ||a| 000 0 ben d
035 _a(BD-JhCC)3515
040 _aBD-JhCC
_dBD-JhCC
041 _aben
082 _a297.42
_bJIH 1996
100 _aজিহাদী, আবুল বাশার
245 _aকেন মুসলমান হলাম /
_cআবুল বাশার জিহাদী
260 _aঢাকা :
_bইশায়াতে ইসলাম কুতুবখানা,
_c1996.
300 _a224 p. :
_c21 cm.
650 _aMuslim Converts
942 _2ddc
_cBK